000
00206nam a22000857a 4500
008
160701b xxu||||| |||| 00| 0 eng d
100
_9
1653
_a
Gupta, P
245
_a
The Wild Swans
260
_a
New delhi
_b
M/S Arya
999
_c
1372
_d
1372